[Event "Champions Chess Tour Airthings Masters 2023"]
[Site "Chess.com"]
[Date "2023.02.07"]
[Round "2"]
[White "Carlsen, Magnus"]
[Black "Erigaisi, Arjun"]
[Result "1-0"]
[WhiteElo "2852"]
[BlackElo "2701"]
[EventDate "2023.??.??"]
[Annotator "rafael"]
[PlyCount "99"]
[Beauty "7009655064073"]
[EventType "team-tourn"]
[TimeControl "600+5"]

1.Nf3 Nf6 2.c4 c5 3.b3 {Carlsen is a player who can literally choose any opening variation. I believe it's the first time he plays this line. It takes great confidence and exceptional memory to do this, qualities he doesn’t lack. Among world champions, none can be compared to him in this versatility. Of elite players, only Ivanchuk manages a similar feat.} 3...Nc6 4.Bb2 d5 5.cxd5 Nxd5 6.Nc3 e5 7.Qb1 $5 {[%c_effect b1;square;b1;type;Interesting;persistent;true] A theoretical novelty already. This is a thematic move in positions with this pawn structure, and it's curious that it has never been played. This probably happened because nobody saw the need to look for such a move.} ( 7.e3 Nxc3 8.Bxc3 Bd6 9.Qc2 Qe7 10.Bd3 h6 {with an equal position in Artemiev-Vidit, Aimchess Rapid 2021.} ) ( 7.Nxd5 Qxd5 8.e3 Be7 9.Bc4 Qd6 {So-Dominguez Perez, Zabreb (blitz) 2022.} ) 7...Be7 ( 7...Nxc3 $5 {[%c_effect c3;square;c3;type;Interesting;persistent;true]} 8.Bxc3 ( 8.dxc3 {Perhaps one of White's ideas with the queen move to b1 is to be able to capture with the pawn without exchanging queens, but honestly I don't see much here.} ) 8...Bd6 {Black is fine.} ) 8.e3 Be6 9.Bb5 f6 10.O-O Nxc3 ( 10...O-O {is also possible.} 11.Nxd5 ( 11.Bd3 g6 {and it's not clear that White has more than perpetual check after 12.Bxg6. This is a theme that we will see again and again.} ) 11...Bxd5 12.e4 $5 {[%c_effect e4;square;e4;type;Interesting;persistent;true]} ( 12.Bd3 g6 ) 12...Be6 13.Bxc6 bxc6 {I understand that this is not the best position to play against Carlsen, although the computer is not that bothered by the doubled pawns.} ) 11.dxc3 {White decides to change the pawn structure.} 11...Qc7 12.Rd1 O-O 13.Bd3 f5 {An ambitious move, in the style of Erigaisi. Against 13...g6 White has perpetual check. I doubt this would be his choice, but there's no advantage anyway.} ( 13...g6 14.Bxg6 hxg6 15.Qxg6+ Kh8 16.Qh6+ ) 14.e4 f4 15.Bb5 $1 {[%c_effect b5;square;b5;type;GreatFind;persistent;true] The bishop has done its job and now returns to capture the knight.} 15...Bf6 ( 15...c4 $1 {[%c_effect c4;square;c4;type;GreatFind;persistent;true] This is an interesting move to avoid c3-c4, which will open the game for the b2-bishop. A possible continuation is:} 16.Bxc4 Bxc4 17.bxc4 Na5 {with good play for Black.} ) 16.Bxc6 Qxc6 17.c4 {White can fight for a small advantage here, as Black's bishops aren't as dangerous with the center closed. Also, the pawn on e5 is a headache. I must admit that during the game I thought the only way to break Black's position would be an exchange sacrifice by putting the rook on d5 at some point. But let's see what happened.} 17...Qc7 18.Bc3 Rae8 19.Qb2 Bf7 {This is probably not the best square for the bishop.} ( 19...Bd7 $5 {[%c_effect d7;square;d7;type;Interesting;persistent;true] with the idea of taking the bishop to c6.} 20.Nxe5 {If White tries to win a pawn with this tactical move, Black gets counterplay after} ( 20.Rd5 $6 {[%c_effect d5;square;d5;type;Inaccuracy;persistent;true]} 20...Bc6 $1 {[%c_effect c6;square;c6;type;GreatFind;persistent;true]} 21.Rxc5 b6 {White loses quality and the compensation is not clear.} ) 20...Rxe5 $1 {[%c_effect e5;square;e5;type;GreatFind;persistent;true]} 21.Rxd7 Qxd7 22.Bxe5 f3 $1 {[%c_effect f3;square;f3;type;GreatFind;persistent;true]} 23.gxf3 Qd3 ) 20.Rd3 Re7 21.Rad1 {White has a small advantage and, even better, it's exactly in Carlsen's style.} 21...Bg6 ( 21...b6 {Black's next moves don't help the position much; maybe it would be better to wait with a move like this. Either way, White will continue his plan with Qe2, h3 and Nh2, trying to get the knight to g4.} ) 22.Qe2 Qc6 23.Rd5 Rfe8 24.h3 $1 {[%c_effect h3;square;h3;type;GreatFind;persistent;true]} 24...a6 25.Nh2 $1 {[%c_effect h2;square;h2;type;GreatFind;persistent;true] The knight prepares to go to g4.} 25...h5 {Erigaisi avoids this, but weaknesses are created and will be masterfully exploited.} 26.Nf3 Re6 27.h4 $1 {[%c_effect h4;square;h4;type;GreatFind;persistent;true] Fixing the structure on the kingside and securing the g5-square for the knight.} 27...b5 {Black is looking for some activity, although this move creates yet another weakness, the pawn on c5.} 28.Ng5 Bxg5 {After this exchange we arrive at an opposite-colored bishop position that is very dangerous for Black, as he can potentially lose three pawns quickly, those on c5, e5, and f4, fixed on dark squares.} ( 28...R6e7 {This is not a good option as Black is paralyzed after} 29.Rd6 Qb7 30.Ba5 $1 {[%c_effect a5;square;a5;type;GreatFind;persistent;true] Nobody can live a calm life with such a knight on g5.} ) 29.hxg5 Bf7 30.Qf3 $6 {[%c_effect f3;square;f3;type;Inaccuracy;persistent;true] This is White's only clear inaccuracy in this game. It allows some counterplay.} ( 30.f3 ) ( 30.Qd3 ) 30...bxc4 31.bxc4 g6 $6 {[%c_effect g6;square;g6;type;Inaccuracy;persistent;true] Erigaisi misses his chance.} ( 31...Rg6 $1 {[%c_effect g6;square;g6;type;GreatFind;persistent;true] This move changes the character of the game, something you should seek when defending.} 32.Rxe5 ( 32.Qxh5 {Here Black must not accept the rook's offer.} 32...Qa4 $1 {[%c_effect a4;square;a4;type;GreatFind;persistent;true]} ( 32...Bxd5 $2 {[%c_effect d5;square;d5;type;Mistake;persistent;true]} 33.cxd5 Qd6 34.Rb1 {With massive compensation for the exchange.} ) ) 32...Rxe5 33.Bxe5 Rxg5 34.Bxf4 Rg4 {Black has managed to activate and has chances of a draw.} ) 32.Ba1 {A useful move, preparing to pass the queen through the third file.} ( 32.Rd7 {It's interesting to mention that the computer considers the endgame winning for White after} 32...R6e7 33.Rxe7 Rxe7 34.Rd8+ Re8 35.Qd3 Qe6 36.Rxe8+ Bxe8 37.f3 {This might sound confusing; after all, isn't it a rule that opposite-colored bishops offer drawing chances even in positions with a pawn down $2 What about this one, where the material is still equal $2 The problem is that Black's pawns on e5 and f4 are not going to survive very long. For instance:} 37...Kf7 38.Qd8 Qxc4 39.Qf6+ Kg8 40.Bxe5 {with a decisive attack.} ) 32...R6e7 33.Rd6 Qa4 ( 33...Qc8 {is more stubborn.} ) 34.Qb3 $1 {[%c_effect b3;square;b3;type;GreatFind;persistent;true] A nice move. White's pawn structure is improved after the exchange.} 34...Qxb3 35.axb3 Re6 {The pawns will fall sooner or later.} ( 35...a5 36.Ra6 Rb7 37.Rd3 ) ( 35...Rb7 36.R1d3 ) 36.Rxe6 Bxe6 ( 36...Rxe6 37.Rd5 ) 37.Rd6 Kf7 38.Bxe5 ( 38.Rxa6 {is also winning.} ) 38...Bg4 39.Rf6+ Kg7 40.Bc3 {The rest is trivial. Erigaisi graciously plays a few more moves and allows a nice finish.} 40...Kh7 41.Rf7+ Kg8 42.Rg7+ Kf8 43.f3 Rb8 44.fxg4 Rxb3 45.gxh5 Rxc3 46.h6 Rg3 47.Rxg6 f3 48.h7 Rxg2+ 49.Kf1 Rh2 50.Rh6 $1 {[%c_effect h6;square;h6;type;GreatFind;persistent;true]} 1-0

[Event "E Women's Grand Prix | Second Leg 2022/23"]
[Site "Chess.com"]
[Date "2023.02.02"]
[Round "1"]
[White "Abdumalik, Zhansaya"]
[Black "Dzagnidze, Nana"]
[Result "0-1"]
[WhiteElo "2496"]
[BlackElo "2517"]
[EventDate "2023.??.??"]
[Annotator "rafael"]
[PlyCount "78"]
[Beauty "7701413245524"]
[EventType "swiss"]
[EventRounds "11"]
[EventCountry "FID"]
[TimeControl "5400+30"]

1.e4 c5 2.Nf3 d6 3.d4 cxd4 4.Nxd4 Nf6 5.Nc3 a6 6.Bg5 {Once 6.Bg5 had the undisputed status of being the main line against the Najdorf Variation. This predilection is now shared with the English Attack, starting with 6.Be3. But the old move remains one of the most dangerous weapons at White's disposal. If you're going to play the Najdorf as Black, it's good to start your studies here: in these lines, one careless move is fatal.} 6...e6 ( 6...Nbd7 {is a modern move with a lot of theory.} ) 7.f4 h6 8.Bh4 ( 8.Bxf6 {is also possible, when White trades the important bishop for a development advantage. A recent game continued:} 8...Qxf6 9.Qd2 Bd7 10.O-O-O Nc6 11.Nxc6 Bxc6 12.Bc4 {with complicated play in Asadli-Durarbayli, Baku 2023.} ) 8...Nbd7 ( 8...Qb6 {is also an important move and has been played many times by Najdorf's greatest contemporary specialist, GM Maxime Vachier-Lagrave.} ) 9.Qf3 ( 9.Qe2 $1 {[%c_effect e2;square;e2;type;GreatFind;persistent;true] The modern way of playing this variation involves developing the queen on e2 as opposed to the classic development on f3.} 9...e5 10.fxe5 ( 10.O-O-O {is a thematic and dangerous move for Black, who needs to play with precision.} 10...exd4 11.e5 dxe5 12.fxe5 Be7 13.exf6 Nxf6 14.Bxf6 gxf6 15.Qe4 f5 16.Qe5 O-O 17.Nd5 Bg5+ 18.Kb1 Re8 19.Qxd4 Re4 $1 {[%c_effect e4;square;e4;type;GreatFind;persistent;true]} 20.Qf2 Be6 21.c4 Re5 {and Black successfully defended this position in a couple of correspondence games.} ) 10...dxe5 ( 10...Nxe5 {is also possible.} ) 11.Nf5 Nb6 12.Qf3 Bxf5 13.Qxf5 Be7 {This was played in Anand-Nepomniachtchi, Tata Steel 2019. The game later ended in a draw.} ) 9...e5 $1 {[%c_effect e5;square;e5;type;GreatFind;persistent;true] In the early days of the Najdorf, such a move would have been unthinkable—moving a pawn again instead of developing the bishop on f8, inviting the white knight to jump to the dangerous square on f5. But computers have shown that in chess, almost anything is possible.} 10.fxe5 $6 {[%c_effect e5;square;e5;type;Inaccuracy;persistent;true]} ( 10.Nf5 {is the critical move to test Black's system.} 10...exf4 11.Bxf6 ( 11.O-O-O $2 {[%c_effect c1;square;c1;type;Mistake;persistent;true]} 11...g5 $1 {[%c_effect g5;square;g5;type;GreatFind;persistent;true]} 12.Bf2 Ne5 {with an advantage for Black.} ) 11...Nxf6 12.O-O-O Bxf5 13.exf5 Be7 {White should fight for an advantage in this position as the game continuation is just good for Black.} ) 10...Nxe5 11.Qe2 Be7 12.O-O-O Bg4 $1 {[%c_effect g4;square;g4;type;GreatFind;persistent;true] Taking the opportunity to gain time in development. It's already clear that something went wrong for White in the opening.} 13.Nf3 Rc8 14.h3 ( 14.Qe3 Bxf3 15.gxf3 Nfg4 $1 {[%c_effect g4;square;g4;type;GreatFind;persistent;true]} 16.fxg4 ( 16.Bxe7 $2 {[%c_effect e7;square;e7;type;Mistake;persistent;true]} 16...Nxe3 17.Bxd8 Nxd1 {wins the exchange.} ) 16...Bxh4 {with a stable advantage for Black.} ) ( 14.Be1 {avoids the exchange sacrifice on c3, but it's just too slow and too ugly of a move.} ) ( 14.Bxf6 Bxf6 15.Nd5 O-O {is also better for Black.} ) 14...Bxf3 15.gxf3 Rxc3 $1 {[%c_effect c3;square;c3;type;GreatFind;persistent;true] A typical exchange sacrifice in the Sicilian Defense. This is one of those rare sacrifices that you can play without thinking.} 16.bxc3 Qa5 ( 16...O-O {As I like to say: when in doubt, just castle. The computer also likes this principle.} ) 17.Qe3 ( 17.f4 $2 {[%c_effect f4;square;f4;type;Mistake;persistent;true] leads to a draw by perpetual check after:} 17...Qxc3 $2 {[%c_effect c3;square;c3;type;Mistake;persistent;true]} ( 17...Ng6 $1 {[%c_effect g6;square;g6;type;GreatFind;persistent;true] is better, with a clear advantage.} ) 18.Be1 Qa1+ 19.Kd2 Qd4+ {Luther-Delgado Ramirez, Havana 2004.} ) ( 17.Kb1 $1 {[%c_effect b1;square;b1;type;GreatFind;persistent;true] Another principle I'm a fan of: After castling long, when in doubt, play Kb1. I must admit that I didn't expect that principle to work here, but who am I to disagree with the machine $2} 17...Qxc3 ( 17...O-O $5 {[%c_effect g8;square;g8;type;Interesting;persistent;true]} ) 18.Be1 Qxf3 19.Qxf3 Nxf3 20.Bb4 Kd7 21.Be2 Ne5 22.Bc3 {White's idea is to fight for equality in this endgame, a task that will prove to be successful.} ) 17...Qxa2 {Only now are we in uncharted territory.} ( 17...Ng6 $1 {[%c_effect g6;square;g6;type;GreatFind;persistent;true]} 18.Bf2 $2 {[%c_effect f2;square;f2;type;Mistake;persistent;true]} ( 18.Be1 Qxa2 {is also advantageous for Black.} ) ( 18.e5 {is the machine's attempt to complicate the game, but Black is better after capturing on e5, with either the knight or the pawn.} ) 18...Ng4 $1 {[%c_effect g4;square;g4;type;GreatFind;persistent;true]} 19.hxg4 Bg5 {Black won a few moves later in Salina Herrera-Delgado Ramirez, Paraguay 2012.} ) 18.Rg1 ( 18.f4 $1 {[%c_effect f4;square;f4;type;GreatFind;persistent;true] White needed to take the opportunity to look for some kind of complication.} 18...Ng6 19.Bxf6 $1 {[%c_effect f6;square;f6;type;GreatFind;persistent;true]} 19...Bxf6 20.e5 $1 {[%c_effect e5;square;e5;type;GreatFind;persistent;true] The computer indicates equality after this move. The lines are complicated, but the spirit is easy to understand: change the character of the game and try to attack too.} 20...dxe5 21.Qc5 $1 {[%c_effect c5;square;c5;type;GreatFind;persistent;true]} 21...Qa1+ ( 21...Ne7 22.Qb4 $1 {[%c_effect b4;square;b4;type;GreatFind;persistent;true] Preparing Bc4.} 22...Nd5 23.Qc5 ) 22.Kd2 Qa4 23.Kc1 {It's not clear whether Black has more than a perpetual check.} ) 18...O-O $1 {[%c_effect g8;square;g8;type;GreatFind;persistent;true] Now the position is a nightmare for White, who is attacked without mercy.} 19.Rd4 ( 19.Qxh6 {loses to} 19...Qa1+ 20.Kd2 Nxf3+ ) 19...Rc8 20.Kd2 Qa3 ( 20...Nfg4 $1 {[%c_effect g4;square;g4;type;GreatFind;persistent;true]} 21.hxg4 Bxh4 {with a decisive advantage, for instance:} 22.f4 Qa3 $1 {[%c_effect a3;square;a3;type;GreatFind;persistent;true] The knight is immune and 23...Rxc3 24.Qxc3 Be1+ is threatened.} ) 21.Be2 b5 ( 21...Nfg4 $1 {[%c_effect g4;square;g4;type;GreatFind;persistent;true] is again very good.} 22.hxg4 Bxh4 ) 22.f4 Ng6 23.Bg3 $2 {[%c_effect g3;square;g3;type;Mistake;persistent;true]} ( 23.Bf2 {is a better try since Black cannot play in the same way as in the game.} 23...d5 $6 {[%c_effect d5;square;d5;type;Inaccuracy;persistent;true]} ( 23...Bd8 $1 {[%c_effect d8;square;d8;type;GreatFind;persistent;true] is better.} ) 24.exd5 Bc5 25.Rxg6 $1 {[%c_effect g6;square;g6;type;GreatFind;persistent;true]} 25...Bxd4 26.Rxg7+ $1 {[%c_effect g7;square;g7;type;GreatFind;persistent;true]} 26...Kxg7 27.Qxd4 {Now White is the one playing an exchange down, but the position has improved considerably.} ) 23...d5 $1 {[%c_effect d5;square;d5;type;GreatFind;persistent;true] Bringing the bishop to the attack.} 24.exd5 Bc5 25.Bf3 b4 $1 {[%c_effect b4;square;b4;type;GreatFind;persistent;true] White's position collapses, but the adventures are far from over.} 26.Bf2 ( 26.cxb4 Bxb4+ 27.Rxb4 Qxb4+ 28.Kd1 Rc3 {wins easily.} ) 26...Bxd4 27.Qxd4 Rxc3 ( 27...bxc3+ 28.Ke2 Qa2 {This is also winning.} ) 28.Be4 Nxe4+ $6 {[%c_effect e4;square;e4;type;Inaccuracy;persistent;true] An inaccurate move.} ( 28...Qa5 {wins easily. If White captures on g6, the attack on the c2-pawn is decisive.} 29.Bxg6 fxg6 30.Rxg6 Qa2 ) 29.Qxe4 Rf3 30.Be3 $2 {[%c_effect e3;square;e3;type;Mistake;persistent;true]} ( 30.Bd4 $1 {[%c_effect d4;square;d4;type;GreatFind;persistent;true]} 30...Rxf4 31.Qe3 {With good chances of defending as the d-pawn advance is unpleasant for Black.} ) 30...Qc3+ 31.Ke2 Rxh3 {Now Black is winning again.} 32.d6 Rh2+ 33.Kf3 Nh4+ $2 {[%c_effect h4;square;h4;type;Mistake;persistent;true] A blunder.} ( 33...Qc8 $1 {[%c_effect c8;square;c8;type;GreatFind;persistent;true] Defends against the d-pawn advance and brings the queen to the attack at the same time.} 34.f5 Rh3+ 35.Ke2 Rh4 $1 {[%c_effect h4;square;h4;type;GreatFind;persistent;true]} 36.Qd3 Ne5 {With an easy win.} ) 34.Kg3 Re2 35.Kxh4 $2 {[%c_effect h4;square;h4;type;Mistake;persistent;true] The final mistake. White has a surprising draw after} ( 35.Qe8+ $1 {[%c_effect e8;square;e8;type;GreatFind;persistent;true]} 35...Kh7 36.Kxh4 Rxe3 37.Qxf7 Rh3+ 38.Kg4 {I suspect Abdumalik thought she would be mated here, but the attack is not as dangerous as it seems.} 38...Rh2 ( 38...Qf3+ $2 {[%c_effect f3;square;f3;type;Mistake;persistent;true] This move even loses:} 39.Kf5 Rh5+ 40.Ke6 Qd5+ 41.Ke7 {and the brave king has escaped.} ) 39.Qf5+ Kh8 40.Qf8+ {with a draw.} ) 35...Rxe3 36.Qf5 Re2 37.Kg4 g6 38.Qd5 Rd2 ( 38...h5+ 39.Kg5 Kg7 {also wins.} ) 39.Qe5 f5+ 0-1